000 00735nam a2200265Ia 4500
003 OSt
005 20220918223913.0
006 a|||||r|||| 00| 0
007 ta
008 220917b |||||||| |||| 00| 0 eng d
024 _a225,578
037 _cTextual
040 _aARTS
_cARTS
_beng
041 _2eng
_aeng
082 _aR5, P5 (RD)
100 _aAdorno Theodor W.
245 0 _aAesthetic theory
260 _aLondon
_bContinuum
_c2005
300 _axxviii, 472p.
_ccm.
650 _aAESTHETICS
700 _a Adorno Gretel Ed.
_921960
700 _a Tiedemann Rolf Ed.
_921961
942 _hR5, P5 (RD)
_cTEXL
_2CC
999 _c279715
_d279715